| 000 | 00870cab a2200241 4500 | ||
|---|---|---|---|
| 001 | ABS57908 | ||
| 008 | 090401t1997 xxu||||| |||| 00| 0 eng d | ||
| 035 | _a(Sirsi) u82197 | ||
| 041 | _aeng | ||
| 100 | _aNicholson, D. | ||
| 245 | _aRents edge higher as demand improves | ||
| 260 | _c1997 | ||
| 350 | _a0 | ||
| 490 |
_aEuroProperty _v6(7) November 1997, 20-21(2) |
||
| 520 | _aReviews the retail market in Europe, as rents increase due to strong tenant demand. For each country tables compare rental levels of sub-regional schemes 1995-97 and show proposed shopping centre development 1997-2000. | ||
| 650 | _aCOLOMBO CENTRE | ||
| 650 | _aEUROPE | ||
| 650 | _aPROPERTY-COMMERCIAL PROPERTY-RETAIL PROPERTY-RETAIL PROPERTY MARKET | ||
| 650 | _aRETAIL RENTS | ||
| 690 | _aPROPERTY-COMMERCIAL PROPERTY-RETAIL PROPERTY | ||
| 942 | _n0 | ||
| 948 | _c19/11/1997 | ||
| 999 |
_c51850 _d51850 |
||